书目信息 |
| 题名: |
有机化学
|
|
| 作者: | 黄怡 主编 | |
| 分册: | ||
| 出版信息: | 北京 科学出版社 2018.07 |
|
| 页数: | 481页 | |
| 开本: | 26cm | |
| 丛书名: | ||
| 单 册: | ||
| 中图分类: | O62 | |
| 科图分类: | ||
| 主题词: | 有机化学--you ji hua xue--高等学校--教材 | |
| 电子资源: | ||
| ISBN: | 978-7-03-049414-6 | |
| 000 | 00898nam0 2200253 450 | |
| 001 | 0100010542 | |
| 005 | 20190905093951.0 | |
| 010 | @a978-7-03-049414-6@dCNY88.00 | |
| 100 | @a20190903d2018 em y0chiy50 ea | |
| 101 | 0 | @achi |
| 102 | @aCN@b110000 | |
| 105 | @aak a 000yy | |
| 106 | @ar | |
| 200 | 1 | @a有机化学@Ayou ji hua xue@f主编黄怡 |
| 210 | @a北京@c科学出版社@d2018.07 | |
| 215 | @a481页@c图@d26cm | |
| 320 | @a有书目 | |
| 330 | @a本书是根据教育部“化学类专业指导性专业规范”为地方高校应用型化学类专业人才培养而编写的。全书共19章, 按官能团分章的形式编排, 包括绪论、烷烃、对映异构、单烯烃和脂环烃、炔烃和二烯烃、芳烃、有机化合物结构鉴定的现代物理方法简介等。 | |
| 333 | @a普通本科院校化学专业规划教材 | |
| 606 | 0 | @a有机化学@Ayou ji hua xue@x高等学校@j教材 |
| 690 | @aO62@v5 | |
| 701 | 0 | @a黄怡@Ahuang yi@4主编 |
| 801 | 0 | @aCN@c20190905 |
| 905 | @a河南城建学院图书馆@dO62@eH913 | |
| 有机化学/主编黄怡.-北京:科学出版社,2018.07 |
| 481页:图;26cm |
| 使用对象:普通本科院校化学专业规划教材 |
| ISBN 978-7-03-049414-6:CNY88.00 |
| 本书是根据教育部“化学类专业指导性专业规范”为地方高校应用型化学类专业人才培养而编写的。全书共19章, 按官能团分章的形式编排, 包括绪论、烷烃、对映异构、单烯烃和脂环烃、炔烃和二烯烃、芳烃、有机化合物结构鉴定的现代物理方法简介等。 |
| ● |
| 相关链接 |
|
|
|
正题名:有机化学
索取号:O62/H913
 
预约/预借
| 序号 | 登录号 | 条形码 | 馆藏地/架位号 | 状态 | 备注 |
| 1 | 1438387 | 214383870 | 自科库401/401自科库 62排3列4层/ [索取号:O62/H913] | 在馆 | |
| 2 | 1438388 | 214383889 | 自科库401/401自科库 62排3列4层/ [索取号:O62/H913] | 在馆 |